Belisaire /

Saved in:
Bibliografiske detaljer
Hovedforfatter: Doremus, Gaetan (Author)
Format: Bog
Sprog:fransk
Udgivet: Paris : Seuil Jeunesse, [2001]
Tags: Tilføj Tag
Ingen Tags, Vær først til at tagge denne postø!

MARC

LEADER 00000nam a22000007i 4500
001 IT\ICCU\UFE\0459833
003 ItRI
005 20260115231838.0
008 040924s2001 fr |||||| ||||| |||||c
020 |a 2020438615 
040 |b ita  |c importazione bologna sebina 
041 7 |a fre  |2 ISO-639-2 
100 1 |a Doremus, Gaetan  |0 IT\ICCU\FERV\076688  |4 aut 
245 1 0 |a Belisaire /  |c Gaetan Doremus. 
260 |a Paris :  |b Seuil Jeunesse,  |c [2001] 
300 |a [16] c. :  |b ill. ;  |c 25 cm. 
942 |2 ddc  |c BK  |n 0 
952 |0 0  |1 0  |4 0  |6 R_741_642000000000000_DOR  |7 0  |9 14092  |a BO  |b BO  |d 2026-01-15  |i 13093  |l 0  |o R 741.642 DOR  |p BO13093  |r 2026-01-15 23:18:38  |w 2026-01-15  |x [Sebina 5] [1 v.]  |y BK  |z 1 v. 
999 |c 12149  |d 12149